000 00311nam a22001457a 4500
008 221010b ||||| |||| 00| 0 eng d
020 _a9780534141905
041 _aeng
080 _a51
082 _a51 YAN
100 _a20.1
101 _aMATE
245 _aFINITE MATHEMATICS
_cYANDIL A
942 _2udc
_cBK
999 _c58456
_d58456